00486nam a2200193Ia 4500008004100000020001400041050001400055100001900069245003300088245002200121245005000143260001500193260001600208260000900224300001400233300002700247300001000274500000800284170918s9999 xx 000 0 und d a439254043 bA113 1997 aAardema, Verna aAnansi does the impossible : ban Ashanti tale / cVerna Aardema ; illustrated by Lisa Desimini. aNew York : bScholastic, c1997 aunpaged : bcolored illustration ; c17cm. a630